Science Quiz

Random Science or Word Play Quiz

Restore the Chemical Symbols Quiz Stats

 Plays Quiz Updated Jun 16, 2017

Support Sporcle.
Go Orange.
Score 0/28 Timer 06:00
1 Play Today
Word with Element Real word % Correct
plategoldplateau
91.1%
uleadeatupbeat
80.6%
acoppermenacumen
80.4%
boronongo bongo
79.2%
silverentagent
78.5%
warthoriumogwarthog
76.8%
acoradonacorn
76.1%
popotassiumepoke
71.5%
bashafniumulbashful
71.2%
carcarbonasscarcass
71.2%
neononateneonate
68.9%
diodinenedine
68.2%
churcmercuryoerchurchgoer
68.1%
hymanganesealhymnal
67.7%
Word with Element Real word % Correct
cofironecoffee
66.6%
fisodiumllyfinally
66.4%
entinareensnare
65.4%
upalladiumoupdo
63.1%
bluraniumerbluer
61.4%
abohriumorabhor
60.8%
butterutherfordiumlybutterfly
60.6%
walawrenciumuswalrus
59.2%
stungstenordsword
57.4%
uniobiumeatenunbeaten
51.7%
huantimonyand husband
48.3%
halivermoriumehalve
43.7%
boganessonusbogus
43.1%
inihoniumeritinherit
41.8%

You're not logged in!

Compare scores with friends on all Sporcle quizzes.
OR
Log In
Forgot?

From the Vault

Not One

by jdfulp

One of these things is not like the others, one of these things just doesn't belong. (Now try getting that song out of your head)
Remove Ads.
Support Sporcle.
Get the best of Sporcle when you Go Orange. This ad-free experience offers more features, more stats, and more fun while also helping to support Sporcle. Thank you for becoming a member.

Show Comments

Extras

Top Quizzes Today


Score Distribution

Your Account Isn't Verified!

In order to create a playlist on Sporcle, you need to verify the email address you used during registration. Go to your Sporcle Settings to finish the process.

Report this User

Report this user for behavior that violates our Community Guidelines.

Details: